Statistics for Cities in Turkey - With Pictures

Click here to take the quiz!

General Stats

  • This quiz has been taken 144 times
  • The average score is 13 of 20

Answer Stats

Answer% Correct
İstanbul
100%
Ankara
99%
İzmir
98%
Trabzon
81%
Bursa
80%
Antalya
79%
Konya
71%
Edirne
68%
Çanakkale
64%
Adana
63%
Mardin
60%
Samsun
60%
Ağrı
56%
Van
55%
Eskişehir
54%
Şanlıurfa
46%
Adıyaman
44%
Kars
40%
Amasya
31%
Sinop
28%

Score Distribution

Percentile by Number Answered

Percent of People with Each Score

Your Score History

You have not taken this quiz